000
00222 a2200097 4500
001
27424
100
_a
UNESCO
245
_a
Impact of science on society (Vol-26 No 1/2)
260
_a
_b
UNESCO
_c
1976
090
_c
18218
_d
18218
942
_a
NUST-CAE
_c
M
_c
9134
999
_c
262497
_d
262497